Медицинские дистанционные диагностические системы; Прогрессивные технологии и экономика в машиностроении; Т. 1

Détails bibliographiques
Parent link:Прогрессивные технологии и экономика в машиностроении: сборник трудов VII Всероссийской научно-практической конференции для студентов и учащейся молодежи, г. Юрга, 7-9 апреля 2016 г./ Национальный исследовательский Томский политехнический университет (ТПУ), Юргинский технологический институт (ЮТИ) ; под ред. Д. А. Чинахова.— , 2016
Т. 1.— 2016.— [С. 342-343]
Auteur principal: Ведерников Д. Н.
Collectivité auteur: Национальный исследовательский Томский политехнический университет (ТПУ) Юргинский технологический институт (филиал) (ЮТИ) Кафедра информационных систем (ИС)
Autres auteurs: Важдаев А. Н. Андрей Николаевич (научный руководитель)
Résumé:Заглавие с титульного экрана
Langue:russe
Publié: 2016
Collection:Автоматизация и информатизация на производстве и в образовательном процессе
Sujets:
Accès en ligne:http://earchive.tpu.ru/handle/11683/26095
Format: Électronique Chapitre de livre
KOHA link:https://koha.lib.tpu.ru/cgi-bin/koha/opac-detail.pl?biblionumber=618361

MARC

LEADER 00000naa2a2200000 4500
001 618361
005 20231214135628.0
035 |a (RuTPU)RU\TPU\conf\16743 
035 |a RU\TPU\conf\16742 
090 |a 618361 
100 |a 20160601d2016 k y0rusy50 ca 
101 0 |a rus 
102 |a RU 
105 |a y z 101zy 
135 |a drcn ---uucaa 
181 0 |a i  
182 0 |a b 
200 1 |a Медицинские дистанционные диагностические системы  |f Д. Н. Ведерников  |g науч. рук. А. Н. Важдаев 
203 |a Текст  |c электронный 
225 1 |a Автоматизация и информатизация на производстве и в образовательном процессе 
300 |a Заглавие с титульного экрана 
320 |a [Библиогр.: с. 343 (4 назв.)] 
461 1 |0 (RuTPU)RU\TPU\conf\16596  |t Прогрессивные технологии и экономика в машиностроении  |o сборник трудов VII Всероссийской научно-практической конференции для студентов и учащейся молодежи, г. Юрга, 7-9 апреля 2016 г.  |o в 2 т.  |f Национальный исследовательский Томский политехнический университет (ТПУ), Юргинский технологический институт (ЮТИ) ; под ред. Д. А. Чинахова  |d 2016 
463 1 |0 (RuTPU)RU\TPU\conf\16598  |t Т. 1  |v [С. 342-343]  |d 2016 
610 1 |a труды учёных ТПУ 
610 1 |a электронный ресурс 
610 1 |a здравоохранение 
610 1 |a дистанционные системы 
610 1 |a диагностические системы 
610 1 |a мониторинг 
610 1 |a программные средства 
700 1 |a Ведерников  |b Д. Н. 
702 1 |a Важдаев  |b А. Н.  |c специалист в области информатики и вычислительной техники  |c доцент, кандидат технических наук Юргинского технологического института (филиала) Томского политехнического университета  |f 1981-  |g Андрей Николаевич  |4 727 
712 0 2 |a Национальный исследовательский Томский политехнический университет (ТПУ)  |b Юргинский технологический институт (филиал) (ЮТИ)  |b Кафедра информационных систем (ИС)  |3 (RuTPU)RU\TPU\col\18893 
801 2 |a RU  |b 63413507  |c 20160629  |g RCR 
856 4 |u http://earchive.tpu.ru/handle/11683/26095 
942 |c BK